000 00422nam a2200181Ia 4500
001 14009
005 20260306164843.0
008 260306t2006||||xx |||||||||||||| ||spa||
041 _aESP
082 _a005.8
_bL534
100 _aLehtinen, Rick
_eAUT
245 0 _aComputer security basics
260 _c2006
300 _axii, 296 páginas :
_c23 cm.
650 _aGEN
654 _aCCC
942 _cLIB
_dJUS
_fJUS
_2ddc
_n
999 _c14009
_d14009